K-theory for operator algebras
Αποθηκεύτηκε σε:
| Κύριος συγγραφέας: | |
|---|---|
| Μορφή: | Βιβλίο |
| Γλώσσα: | English |
| Δημοσίευση: |
Cambridge, UK ; New York, NY, USA :
Cambridge University Press,
1998
|
| Έκδοση: | 2nd ed. |
| Σειρά: | Mathematical Sciences Research Institute publications ;
; 5 |
| Θέματα: | |
| Ετικέτες: |
Προσθήκη ετικέτας
Δεν υπάρχουν, Καταχωρήστε ετικέτα πρώτοι!
|
MARC
| LEADER | 00000nam a2200000 i 4500 | ||
|---|---|---|---|
| 001 | 1/30140 | ||
| 008 | 130524s1998 eng d | ||
| 020 | |a 0-521-63532-2 | ||
| 035 | |l 10114506 | ||
| 040 | |a GR-MY-UA |b gre |e aacr | ||
| 041 | 0 | |a eng | |
| 082 | 0 | |a 512.55 |2 (22) | |
| 100 | 1 | |a Blackadar, Bruce. | |
| 245 | 1 | 0 | |a K-theory for operator algebras / |c Bruce Blackadar |
| 250 | |a 2nd ed. | ||
| 260 | |a Cambridge, UK ; New York, NY, USA : |b Cambridge University Press, |c 1998 | ||
| 300 | |a xx, 300 σ.; |c 24 εκ. | ||
| 490 | 1 | |a Mathematical Sciences Research Institute publications |v ; 5 | |
| 504 | |a Βιβλιογραφία: σ.283-296. Ευρετήριο | ||
| 650 | 0 | 0 | |a Operator algebras. |
| 650 | 0 | 0 | |a K-theory. |
| 830 | 0 | |a Mathematical Sciences Research Institute publications ; |v ; 5 | |
| 852 | |a INST |b SAMOS |e 20130524 |h 512.55 BLA |p 005300040096 |q 005300040096 |t BK |y 0 | ||
| 901 | |a BIBL3-2013-2 | ||
| 909 | |a Σ |b 178301 | ||
| 922 | |a 3ΕΛΗ |b 201212 |c ΤΜΗΜΑ ΜΑΘΗΜΑΤΙΚΩΝ/ΜΕΤΑΠΤΥΧΙΑΚΟ |d ΔΙΑΔΡΟΜΕΣ/ΔΡΕΣ | ||
| 970 | |a ΚΟΣΙΕΡΗΣ |b ΧΡΗΣΤΟΣ |z 2013/05/24 | ||